Ultimate GTA 5 characters Quiz - Statistics

General Stats
  • This quiz has been taken 3,121 times
  • The average score is 24 of 32
Answer Stats
Hint Answer % Correct
Main character #1 Franklin Clinton
100%
Main character #3 Trevor Phillips
100%
Main character #2 Michael de Santa
99%
Franklin's best friend Lamar Davis
97%
Main heist planner (on wheelchair) Lester Crest
97%
Franklin's dog Chop
90%
FIB agent (killed Brad) Dave Norton
90%
Michael's wife Amanda de Santa
89%
Son of above Jimmy de Santa
89%
Friend of Michael & Trevor, killed in 1st mission Brad Snider
86%
Trevor's friend and accomplice Ron Jakowski
83%
Corrupt FIB agent Steve Haines
83%
Billionare, killed in final mission Devin Weston
81%
Mexican businessman Martin Madrazo
79%
Sister of above Tracey de Santa
79%
Trevor's (dumb) friend Wade Hebert
78%
Car dealer, whom Franklin worked for Simeon Yetarian
77%
Movie producer Solomon Richards
71%
Franklin's ex Tanisha Jackson
70%
Member of the Families gang, killed in final mission Harold "Stretch" Joseph
65%
TV host on Fame or Shame Lazlow Jones
64%
Chinese, Leader of Triads Wei Cheng
64%
Dies after being chased by Michael in LSIA Molly Schultz
63%
Franklin's aunt Denise Clinton
62%
Wife of above, kidnapped by Trevor Patricia Madrazo
62%
Son of above Tao Cheng
61%
Cousin of above, works at the docks Floyd Hebert
59%
Yoga instructor Fabien LaRouche
54%
Man tortured by Trevor Ferdinand Kerimov
50%
Michael's therapist Isiah Friedlander
50%
FIB agent shot by Haines Agent Sanchez
42%
Tries to stop Richards Majestic from releasing 'Meltdown" Rocco Pelosi
31%
No matching quizzes found
Score Distribution
Percent of People with Each Score
Percentile by Number Answered
Your Score History
You have not taken this quiz